MDQL
is popping MORE tags! Check the
thread
!
Quizzes
Events
Quiz Creation
Community
Videos
Private Events
Remove Ads
Sign In
Join for FREE
Feedback
Dark Mode
Quiz Categories
Sports
Geography
Music
Movies
Television
Just For Fun
Miscellaneous
History
Literature
Language
Science
Gaming
Entertainment
Religion
Holiday
For Kids
Quiz Lab
Recent
Popular Today
Quiz Kudos Today
Editor Picks
Curator Picks
Quizzes by...
Day
Popularity
Type
Ratings
Length
Year
Community
Subscriptions
Recent Discussions
Orange Saloon
Badges
Playlists
Quests
Create
Leaderboards
Showdown
Live 5
Trivia Bingo
Activity
Puzzle Library
Sporcle Events
Private Events
Virtual Trivia
Globe League
Become a Host
Pub Owners
SporcleCon
Opinionation
Our Games
Videos
Blog
Mobile Apps
Partnerships
Remove Ads and Go Orange
Feedback
Music
Pop Music
The Beatles
Song
Album
Lyrics
Bands
Singers
Artist
Clip
Rock
Rap
Classical
Billboard
Country Music
Kpop
Taylor Swift
Music
Pop Music
The Beatles
Song
Album
Lyrics
Bands
Singers
Artist
Clip
Rock
Rap
Classical
Billboard
Country Music
Kpop
Taylor Swift
Random Quiz
Search Sporcle
×
Quiz Lab
Quiz Lab
Music
Song
Type in answers that appear in a list
Type in answers that appear in a list
Classic
Best Score? Go Orange.
Finish the Lyrics Stats
Can you name the lyrics to these songs?
By
summerchelle
15m
50 Questions
1,092 Plays
1,092 Plays
1,092 Plays
Comments
Comments
Give Quiz Kudos
Give Quiz Kudos
-
- Ratings
hide this ad
Replay
Link that replays current quiz
Next Quiz
Link to next quiz in quiz playlist
You Got
0%
They Got
Avg Score
19%
Avg Friend Score
Upgrade to see
Score Distribution
Jump to the score distribution portion of the page
Score
0/50
Timer
15:00
0
Plays Today
Lyric
Finish
% Correct
I'm just a poor boy, nobody loves me
He's just a poor boy from a poor family
49.4%
Say it ain't so, I will not go
Turn the lights off, carry me home
47.5%
A thousand miles seems pretty far but they've got planes and trains and cars
I'd walk to you if I had no other way
47.2%
Shush girl, shut your lips, do the Helen Keller
and talk with your hips
46%
When I find myself in times of trouble, Mother Mary comes to me
Speaking words of wisdom, let it be
45.1%
Today is gonna be the day that they're gonna throw it back to you
By now you should have somehow realized what you got to do
41.4%
You know I'm not the little boy that I used to be, I'm all grown up now, baby, can't you see?
Stacy's mom has got it going on
39.7%
All the lonely people
Where do they all come from?
36.8%
I'll be the one to tuck you in at night and if you want to leave I can guarantee
You won't find nobody else like me
32.9%
1, 2, 3, take my hand and come with me because you look so fine
that I really want to make you mine
32.3%
Sometimes I give myself the creeps
Sometimes my mind plays tricks on me
31.8%
If I go crazy then will you still call me Superman
If I'm alive and well will you be there holding my hand
28.4%
My blood runs cold, my memory has just been sold
My angel is the centerfold
28.1%
Open up your mind and see like me
Open up your plans and damn, you're free
27.1%
She's got electric boots, a mohair suit
you know I read it in a magazine
25%
And I don't want the world to see me, 'cause I don't think that they'd understand
When everything's made to be broken, I just want you to know who I am
25%
You are my fire, the one desire
Believe when I say I want it that way
24.1%
And the man at the back said everyone attack
and it turned into a ballroom blitz
22.5%
I need you, more than anyone, darling, you know that I have from the start
So build me up, buttercup, don't break my heart
22.3%
Showing how funky and strong is your fight
It doesn't matter who's wrong or right
20.9%
If I could fall into the sky, do you think time would pass me by?
'Cause you know I'd walk a thousand miles if I could just see you tonight
18.7%
And if you do not want to see me again
I would understand
18.3%
Tell me, did you fall for a shooting star, one without a permanent scar
And did you miss me while you were looking for yourself out there
17.1%
Don't it always seem to go that you don't know what you got 'til it's gone
They paved paradise and put up a parking lot
16.5%
Should I give up or should I just keep
chasing pavements, even if it leads nowhere
15.9%
Lyric
Finish
% Correct
What I like about you, you really know how to dance
when you go up, down, jump around
15.8%
Your clothes never wear as well the next day, and your hair never falls in quite the same way
You never seem to run out of things to say
14.7%
Do I attract you? Do I repulse you
with my queasy smile?
14.5%
I'm falling even more in love with you
Letting go of all I've held on to
12.6%
And when I touch you I feel happy inside
It's such a feeling that my love I can't hide
12.2%
You sit in class next to a redhead named Abigail
And soon enough you're best friends
11.8%
Looking out a dirty old window, down below the cars in the city go rushing by
I sit here alone and I wonder why
10.8%
I'm not a perfect person, there's many things I wish I didn't do
But I continue learning
10.2%
We've been on the run, driving in the sun
Looking out for number one
9.8%
Her boyfriend, he don't know anything about her
He's too stoned, Nintendo
8.4%
Ain't no doubt about it, we were doubly blessed
'Cause we were barely seventeen and we were barely dressed
7.6%
Just when you think that you're in control, just when you think that you've got a hold
Just when you get on a roll
7.1%
Don't sell your heart, don't say we're not meant to be
Run baby run, forever we'll be, you and me
6.8%
All the things that I used to say, all the words that got in the way
All the things that I used to know have gone out the window
6.8%
I want to be the minority, I don't need your authority
Down with the moral majority, 'cause I want to be the minority
6.7%
For the life of me I cannot remember
What made us think that we were wise and we'd never compromise
6.5%
We stare at the beautiful women, she's looking at you
I don't think so, she's looking at me
6%
I see the girls walk by dressed in their summer clothes
I have to turn my head until my darkness goes
6%
You say you don't know, you tell me don't lie
You work on a smile and you go for a ride
4.9%
I'll be captivated, I'll hang from your lips, instead of the gallows of heartache that hang from above
I'll be your crying shoulder, I'll be love suicide
4.3%
When you coming home, dad?
I don't know when, but we'll get together then, son
4.2%
Me mind on fire, me soul on fire
Feeling hot, hot, hot
4%
Her friends are so jealous, you know how bad girls get
Sometimes it's not so easy to be the teacher's pet
4%
Riding on the range, I've got my hat on
I've got my boots dusty
0.6%
I got my cat moves, that so upset them
Zippers and buttons, fun to frustrate them
0.4%
Quiz Playlist
Details
Report
Send in Message
Add To Playlist
Classic:
Type in answers that appear in a list
Last Updated: Nov 29, 2018
Quiz Scoreboard
CHALLENGE
Sign Up to Join the Scoreboard
Show All
Scores
Hide
Comments
May contain spoilers
Recently Published
Two Season TV Shows II
by 123Four
Television
10m
Image Sorting: Flags VI
by Barbecue
Geography
2m
Find the 'City' Movie
by crazypaving
Movies
60s
More to Explore
Quiz From the Vault
Featured Blog Post
14 Easter Pick-up Lines to Find Eggs With
hide this ad
You Might Also Like...
Tags
Artist Quiz
Lyrics Quiz
Song Quiz
finish
Today's Top Quizzes in Music
Browse Music
hide this ad
Today's Top Quizzes in Song
Browse Song
Top Contributed Quizzes in Music
1
5X2 Blitz: Bands II
2
5X2 Blitz: The Beatles
3
Taylor Swift All Songs (2024)
4
5X2 Blitz: Billboard
5
5X2 Blitz: Billboard II
6
5X2 Blitz: Album
7
5X2 Blitz: Singers
8
5X2 Blitz: Rock
9
Music Artist by Three 2010s hits
10
5X2 Blitz: Lyrics
Explore More
Trending Topics
Crossword
Harry Potter
Anime
Disney
NBA
Marvel
Kpop
Song
Puzzle
Country
NFL
WWE
Soccer
Pokémon
The Office
hide this ad
More By:
summerchelle
Quiz
Plays
Rating
Category
Featured
Created
Finish the Lyrics
1,092
2.64
Music
Dec 30, 2009
Go to Creator's Profile
Score Distribution
Quiz Creator Spotlight
summerchelle
Follow
Send a Message
Quizzes Created
-
Created Quiz Play Count
-
More By This Creator
Popular Quizzes Today
1
Find the US States - No Outlines Minefield
2
Colored Red Africa Blitz
3
Find the 'City' Movie
4
5x2 Blitz: Bands
5
The Countries of the World
6
Find the Countries of Europe - No Outlines Minefield
7
Find the US States
8
US States
More Music Quizzes
Click the American Rock Singers
Editor's Pick
Trending Quizzes
Colored Red Europe Blitz I
Colored Red Africa Blitz II
Colored Red Europe Blitz II
Colored Red Africa Blitz III
Colored Red Europe Blitz III
Recently Updated
How Do You Spell That?
pecheneg
Godzilla Movies
pecheneg
Grab Bag: 4-10 Letters
pecheneg
2024 March Madness Bracket
pecheneg
Famous TV Couples
Peacemaker
Champions League XIs: Real Madrid
pecheneg
Largest US Cities 1790-2010
pecheneg
Rides in Walt Disney World
pecheneg
Most Oscar Losses (Acting)
pecheneg
Beyoncé Albums
pecheneg
Trending Topics
NBA
Kpop
Crossword
Marvel
Harry Potter
Anime
Disney
Song
Pokémon
Soccer
WWE
Country
Puzzle
NFL
The Office
Your Account Isn't Verified!
In order to create a playlist on Sporcle, you need to verify the email address you used during registration. Go to your
Sporcle Settings
to finish the process.
Report this User
Report this user for behavior that violates our
Community Guidelines
.
Details:
Send Report
Go to the Sporcle.com Mobile Site →
Comments